Tous les Souls de FSW - Statistiques

Statistiques générales
  • Ce quiz a été pris 32 fois
  • Le résultat moyen est 10 sur 19
Statistiques - réponses
Année de sortie Jeux/DLC % Correct
2011 Dark Souls 1
100%
2014 Dark Souls 2
100%
2016 Dark Souls 3
100%
2022 Elden Ring
96%
2015 Bloodborne
83%
2019 Sekiro : Shadow's die twice
83%
2009 Demon's Souls
78%
2025 Elden Ring : Nightreign
57%
2024 Elden Ring : Shadow Of The Erdtree
57%
2015 Dark Souls 2 : Scholar Of The First Sin
39%
2018 Dark Souls Remastered
30%
2015 Bloodborne : The Old Hunters
26%
2020 Demon's Souls (Remake)
26%
2012 Dark Souls 1 : Artorias of The Abyss
22%
2017 Dark Souls 3 : The Ringed City
22%
2016 Dark Souls 3 : Ashes of Ariandel
17%
2014 Dark Souls 2 : Crown Of The Sunken King
13%
2014 Dark Souls 2 : Crown Of The Ivory King
9%
2014 Dark Souls 2 : Crown Of The Old Iron King
9%
Aucun quiz correspondant
Distribution des résultats
% des personnes avec chaque résultat
Percentile par nombre de réponses
Votre historique - résultats
Vous n’avez pas pris ce quiz